MARC
|
|
|
|
| LEADER |
00000nam0a2200000 4500 |
| 001 |
373220 |
| 005 |
20231102012539.0 |
| 020 |
|
|
|a RU
|b 82-5158
|
| 035 |
|
|
|a (RuTPU)RU\TPU\retro\30648
|
| 035 |
|
|
|a RU\TPU\book\224458
|
| 090 |
|
|
|a 373220
|
| 100 |
|
|
|a 20221215d1981 km y0rusy5003 ca
|
| 101 |
0 |
|
|a rus
|
| 102 |
|
|
|a RU
|
| 105 |
|
|
|a a z 001zy
|
| 200 |
1 |
|
|a Кристаллохимия минералов
|e сборник статей
|f Всесоюзное минералогическое общество ; под ред. В. А. Франк-Каменецкого
|
| 210 |
|
|
|a Ленинград
|c Наука
|c Ленингр. отд-ние
|d 1981
|
| 215 |
|
|
|a 119 с.
|c ил.
|
| 606 |
1 |
|
|a Минералы
|x Кристаллохимия
|2 stltpush
|3 (RuTPU)RU\TPU\subj\43947
|9 63360
|
| 610 |
1 |
|
|a кристаллы
|
| 610 |
1 |
|
|a кристаллохимические свойства
|
| 610 |
1 |
|
|a исследования
|
| 675 |
|
|
|a 549:548
|z rus
|v 3
|
| 702 |
|
1 |
|a Франк-Каменецкий
|b В. А.
|4 340
|
| 712 |
0 |
2 |
|a Всесоюзное минералогическое общество
|2 stltpush
|3 (RuTPU)RU\TPU\col\6861
|
| 801 |
|
0 |
|a RU
|b RuMRKP
|c 19950704
|g psbo
|
| 801 |
|
1 |
|a RU
|b 63413507
|c 20111220
|
| 801 |
|
2 |
|a RU
|b 63413507
|c 20221215
|g RCR
|
| 942 |
|
|
|c BK
|